000 00452nam a2200181Ia 4500
041 _aeng
082 _a181.48
_bNAG
100 _aNagaraja Rao, P
245 4 _aThe Schools of Vedanta
260 _aBombay
_bBharatiya Vidya Bhavan
_c1943
300 _a132 p.
440 _aBharatiya Vidya Studies
_vNo.2
650 _aVedanta
650 _aPhilosophy - India
650 _aPhilosophy
942 _cBK
008 190319s9999||||xx |||||||||||||| ||und||
999 _c14575
_d14575